UM Logo

Reviewer for licensure examination for teachers (LET)/ (Record no. 2349)

MARC details
000 -LEADER
fixed length control field 00623nam a22001817a 4500
008 - FIXED-LENGTH DATA ELEMENTS--GENERAL INFORMATION
fixed length control field 160507b xxu||||| |||| 00| 0 eng d
020 ## - INTERNATIONAL STANDARD BOOK NUMBER
International Standard Book Number 9710864866
082 ## - DEWEY DECIMAL CLASSIFICATION NUMBER
Edition number 2004
Classification number DFil 371.12076
Item number Q4r
100 ## - MAIN ENTRY--PERSONAL NAME
9 (RLIN) 7703
Personal name Quinn, Magdalena S.
245 ## - TITLE STATEMENT
Title Reviewer for licensure examination for teachers (LET)/
Statement of responsibility, etc. Magdalena S. Quinn and Mercedes R. Lamorena.
250 ## - EDITION STATEMENT
Edition statement 2004 Edition
260 ## - PUBLICATION, DISTRIBUTION, ETC. (IMPRINT)
Place of publication, distribution, etc. Mandaluyong City:
Name of publisher, distributor, etc. National Book Store,
Date of publication, distribution, etc. c2004.
300 ## - PHYSICAL DESCRIPTION
Extent vii, 275 pages;
Dimensions 22 cm.
650 #0 - SUBJECT ADDED ENTRY--TOPICAL TERM
9 (RLIN) 7704
Topical term or geographic name as entry element Education
General subdivision Examinations
700 ## - ADDED ENTRY--PERSONAL NAME
9 (RLIN) 7705
Personal name Lamorena, Mercedes R.
Relator term Author
365 ## - TRADE PRICE
Price amount 280.00
Currency code Php
942 ## - ADDED ENTRY ELEMENTS (KOHA)
Source of classification or shelving scheme Dewey Decimal Classification
Koha item type Filipiniana
Holdings
Withdrawn status Lost status Source of classification or shelving scheme Damaged status Not for loan Collection code Home library Current library Shelving location Date acquired Source of acquisition Total Checkouts Full call number Barcode Date last seen Date last checked out Copy number Price effective from Koha item type
    Dewey Decimal Classification     Filipiniana UM Digos College - LIC UM Digos College - LIC Book Cart 08/14/2008 Purchased 2 DFil 371.12076 Q4r 2004 19574 05/15/2025 09/24/2018 1 05/07/2016 Filipiniana
    Dewey Decimal Classification     Filipiniana UM Digos College - LIC UM Digos College - LIC Book Cart 08/14/2008 Purchased 11 DFil 371.12076 Q4r 2004 19575 05/15/2025 04/24/2019 2 05/07/2016 Filipiniana